000 00273nam a22001217a 4500
008 171013b xxu||||| |||| 00| 0 eng d
041 _aeng
080 _a316
100 _a51
101 _aSOC
245 _aUNDERSTANDING HUMAN BEHAVIOR
_cMCCOMAL.J.V
942 _2udc
_cBK
999 _c33661
_d33661